ՀՀ Գիտությունների ազգային ակադեմիայի հիմնարար գիտական գրադարան  =   Fundamental Scientific Library of NAS RA

Խնուս / (Record no. 525744)

MARC details
000 -LEADER
fixed length control field 01422nam a2200289 a 4500
001 - CONTROL NUMBER
control field 1838241
003 - CONTROL NUMBER IDENTIFIER
control field AM-YEHGA
005 - DATE AND TIME OF LATEST TRANSACTION
control field 20250618080100.0
008 - FIXED-LENGTH DATA ELEMENTS--GENERAL INFORMATION
fixed length control field 220609s2022 ai a||||||||||||||0|arm|d
020 ## - INTERNATIONAL STANDARD BOOK NUMBER
International Standard Book Number 9789939843537
040 ## - CATALOGING SOURCE
Original cataloging agency AM-YeHGA
041 0# - LANGUAGE CODE
Language code of text/sound track or separate title arm
090 ## - LOCALLY ASSIGNED LC-TYPE CALL NUMBER (OCLC); LOCAL CALL NUMBER (RLIN)
-- 563089
100 1# - MAIN ENTRY--PERSONAL NAME
Personal name Քորթոշյան, Րաֆֆի
245 10 - TITLE STATEMENT
Title Խնուս /
Statement of responsibility, etc. Ր․ Քորթոշյան ; [Խմբագիր և սրբագրիչ՝ Հ․ Հովհաննիսյան] ; Հայկական ճարտարապետությունն ուսումնասիրող հիմնադրամ․
260 ## - PUBLICATION, DISTRIBUTION, ETC.
Place of publication, distribution, etc. Երևան :
Name of publisher, distributor, etc. Զանգակ,
Date of publication, distribution, etc. 2022․
300 ## - PHYSICAL DESCRIPTION
Extent 398 էջ + 1 ներդիր ծլվ․ թ․ ։
Other physical details քարտեզ, լուսանկար ;
Dimensions 31 սմ․
490 0# - SERIES STATEMENT
Series statement Հայաստանի պատմություն ;
Volume/sequential designation Հտ․ Ե
500 ## - GENERAL NOTE
General note Սյունակագիր։
504 ## - BIBLIOGRAPHY, ETC. NOTE
Bibliography, etc. note Տողատակում՝ ծանոթագրություններ։
504 ## - BIBLIOGRAPHY, ETC. NOTE
Bibliography, etc. note Ցանկեր, օգտագործված գրականություն և բառարան՝ էջ 357-398։
650 10 - SUBJECT ADDED ENTRY--TOPICAL TERM
Topical term or geographic name entry element Հնագիտություն
Geographic subdivision Հայաստան
651 #4 - SUBJECT ADDED ENTRY--GEOGRAPHIC NAME
Geographic name Խնուս գավառ
General subdivision Պատմություն
Geographic subdivision Արևմտյան Հայաստան
700 1# - ADDED ENTRY--PERSONAL NAME
Personal name Հովհաննիսյան, Հասմիկ
Relator term խմբ.
Relationship edt
Relator term սրբագրիչ
Relationship crr
710 2# - ADDED ENTRY--CORPORATE NAME
Corporate name or jurisdiction name as entry element Հայկական ճարտարապետությունն ուսումնասիրող հիմնադրամ
9 (RLIN) 5217
942 ## - ADDED ENTRY ELEMENTS (KOHA)
Source of classification or shelving scheme Universal Decimal Classification
Koha item type Գրքեր / Books
Holdings
Withdrawn status Lost status Source of classification or shelving scheme Damaged status Not for loan Collection Home library Current library Date acquired Total checkouts Full call number Barcode Date last seen Price effective from Koha item type Public note
    Universal Decimal Classification     General Fundamental Scientific Library Fundamental Scientific Library 11/07/2022   AIII/9308 FL0671107 11/07/2022 11/07/2022 Գրքեր / Books 30 Days Loan
    Universal Decimal Classification     General Fundamental Scientific Library Fundamental Scientific Library 11/07/2022   AIII/9309 FL0671108 11/07/2022 11/07/2022 Գրքեր / Books 30 Days Loan
    Universal Decimal Classification     General Fundamental Scientific Library Fundamental Scientific Library 15/04/2024   AIII/9672 FL0682696 15/04/2024 15/04/2024 Գրքեր / Books 30 Days Loan


ՀՀ ԳԱԱ հիմնարար գիտական գրադարան
ՀՀ,Երևան 0019
Մարշալ Բաղրամյան 24/6
հեռախոս:(374-10) 52-47-50
Հետադարձ կապ

All site content, except where otherwise noted, is licensed under a
Creative Commons License